000 00376nam a2200121 4500
999 _c13503
_d13503
008 190327b ||||| |||| 00| 0 eng d
100 _937750
_aCanivel, Roy Stephen C.
245 _aDTI warns vs repealing tax perks/
_cRoy Stephen C. Canivel
260 _aPhilippines
_bPhilippine Daily Inquirer
_cc2018
300 _apage B2-2.
650 0 _937751
_aTaxation.
942 _2ddc
_cPER